000 00929nam a2200241 a 4500
003 AM-YEHGA
001 1451716
005 20250617164242.0
008 190207s1962 bw ab||||r||||000 ||rus|||
040 _aAM-YeHGA
041 0 _arus
100 1 _aБородина, Валентина Петровна
245 1 0 _aМогилевская область :
_bГеографический очерк /
_cВ.П. Бородина.
260 _aМинск :
_bИзд-во М-ва высш., сред. спец. и проф. образования БССР,
_c1962.
300 _a134 с. :
_bил., карт. ;
_c20 см
490 1 _aОбласти БССР
504 _aБиблиогр. в конце кн.
650 1 4 _aГеография СССР
651 4 _aМогилевская область
_xГеография
_yПособия
830 0 _aОбласти БССР
942 _2udc
_cBK
090 _c524019
999 _c520448
_d520448